Control of Cacopsylla pyri using chlorantraniliprole and deltamethrin

During the 1960s, the pear psyllid (Cacopsylla pyri) became the most significant pest of pear in many European countries. This pest is particularly problematic in intensive pear orchards due to its rapid development of resistance to insecticides and its production of large amounts of honeydew, which...

Teljes leírás

Elmentve itt :
Bibliográfiai részletek
Szerzők: Nađ Đura
Žunić Antonije
Marinković Dušan
Bursić Vojislava
Vuković Gorica
Špirović Trifunović Bojana
Testületi szerző: 30th International Symposium on Analytical and Environmental Problems
Dokumentumtípus: Könyv része
Megjelent: University of Szeged Szeged 2024
Sorozat:Proceedings of the International Symposium on Analytical and Environmental Problems 30
Kulcsszavak:Növényvédelem - gyümölcstermesztés, Agrárkémia, Mezőgazdaság - környezetvédelem
Tárgyszavak:
Online Access:http://acta.bibl.u-szeged.hu/85691
LEADER 02758naa a2200289 i 4500
001 acta85691
005 20241122082623.0
008 241122s2024 hu o 100 eng d
020 |a 978-963-688-009-5 
040 |a SZTE Egyetemi Kiadványok Repozitórium  |b hun 
041 |a eng 
100 1 |a Nađ Đura 
245 1 0 |a Control of Cacopsylla pyri using chlorantraniliprole and deltamethrin  |h [elektronikus dokumentum] /  |c  Nađ Đura 
260 |a University of Szeged  |b Szeged  |c 2024 
300 |a 141-143 
490 0 |a Proceedings of the International Symposium on Analytical and Environmental Problems  |v 30 
520 3 |a During the 1960s, the pear psyllid (Cacopsylla pyri) became the most significant pest of pear in many European countries. This pest is particularly problematic in intensive pear orchards due to its rapid development of resistance to insecticides and its production of large amounts of honeydew, which complicates control efforts. Changes in production technology and orchard structure led to the emergence of ecologically unstable agricultural systems that favored the development of R-selected organisms, including the pear psyllid. Attempts to control this pest using insecticides showed limited effectiveness, prompting research to focus on their application strategies. Therefore, a comprehensive strategy that involves novel insecticides and developing more effective control methods is necessary to reduce the impact of this pest on pear production. In this article susceptibility of C. pyri to chlorantraniliprol and deltamethrin was investigated in order to assess their efficacy. Experiments were conducted in accordance with standard OEPP/EPPO methods, in field trials on test site in the Republic of Serbia (Kula), during 2021. Results of the field trials indicate good efficacy for all variants in pear psyllid control in pear orchards. The high efficacy ranging from 86 to 93%, was achieved 7 and 14 days after treatment, for both insecticides. Based on the obtained results it can be concluded that the high efficacy of the researched insecticides is a good indicator of C. pyri susceptibility in pear orchards. 
650 4 |a Mezőgazdaság-tudományok 
650 4 |a Mezőgazdaság, erdészet, halászat 
695 |a Növényvédelem - gyümölcstermesztés, Agrárkémia, Mezőgazdaság - környezetvédelem 
700 0 1 |a Žunić Antonije  |e aut 
700 0 1 |a Marinković Dušan  |e aut 
700 0 1 |a Bursić Vojislava  |e aut 
700 0 1 |a Vuković Gorica  |e aut 
700 0 2 |a Špirović Trifunović Bojana  |e aut 
711 |a 30th International Symposium on Analytical and Environmental Problems  |c Szeged  |d 2024. október 7-8. 
856 4 0 |u http://acta.bibl.u-szeged.hu/85691/1/proceedings_of_isaep_2024_141-143.pdf  |z Dokumentum-elérés